00845cam a22002411 4500001001300000003000400013005001700017008004100034010001700075035001900092040001700111042001200128050002300140100003200163245009800195260001900293300006000312490007200372500006900444504002500513650004800538999001700586gs 65000550 DLC20260227111418.0790223s1964 qucab b s000 0 eng  ags 65000550  a(OCoLC)4684428 aDLCcUUdDLC apremarc00aQE193b.A3 no. 1001 aClark, Thomas Henry,d1893-10aUpton area:bBagot, Drummond, Richelieu, St. Hyacinthe and Yamaska Counties,cby T. H. Clark. aQuebec,c1964. aii, 37 p.billus., maps (1 fold. col. in pocket)c25cm.0 aQuebec (Province) Dept. of Natural Resources. Geological report 100 aErratum slip mounted on title page to correct spelling of title. aBibliography: p. 35. 0aGeologyzQuébec (Province)zUpton region. c30161d30161